Statistics for 10 Least Visited Countries in Africa

Click here to take the quiz!

General Stats

  • This quiz has been taken 946 times
  • The average score is 7 of 10

Answer Stats

RankNo.VisitorsCountry% Correct
210,000Sao Tome and Principe
77%
321,000Comoros
76%
871,000Central African Republic
75%
763,000Djibouti
75%
656,000Guinea
75%
530,000Guinea - Bissau
69%
16,000Equatorial Guinea
67%
429,000Mauritania
66%
1093,000Libya
61%
981,000Sierra Leone
61%

Score Distribution

Percentile by Number Answered

Percent of People with Each Score

Your Score History

You have not taken this quiz